Fiškálna politika ako súčasť makroekonomickej stabilizačnej politiky SR

Ciele fiškálnej politiky SR ako členskej krajiny EÚ s perspektívou stať sa v roku 2009 členom EMÚ. Teoretické vymedzenie fiškálnej politiky, jej nástrojov a účinnosťou. Konkrétne výsledky fiškálnej politiky Slovenska v predchádzajúcom období. Koordinácia fiškálnej politiky SR ako členskej krajiny EÚ...

Descrizione completa

Salvato in:
Dettagli Bibliografici
Autore principale: Hontyová, Kajetána
Natura: Capitolo di libro
Lingua:slovacco
Soggetti:
Tags: Aggiungi Tag
Nessun Tag, puoi essere il primo ad aggiungerne!!

MARC

LEADER 00000naa$a2200000$$$4500
001 0045274
005 20240502071525.7
041 0 |a slo 
044 |a SK 
245 1 0 |a Fiškálna politika ako súčasť makroekonomickej stabilizačnej politiky SR  |c Kajetana Hontyová 
520 |a Ciele fiškálnej politiky SR ako členskej krajiny EÚ s perspektívou stať sa v roku 2009 členom EMÚ. Teoretické vymedzenie fiškálnej politiky, jej nástrojov a účinnosťou. Konkrétne výsledky fiškálnej politiky Slovenska v predchádzajúcom období. Koordinácia fiškálnej politiky SR ako členskej krajiny EÚ, dokumenty. Štruktúra slovenskej ekonomiky sa v porovnaní s rokom 1995 výrazne priblížila štruktúre ekonomiky eurozóny. Otvorenosť slovenskej ekonomiky vytvára podmienky, že už dnes sa väčšinou obchoduje na slovenskom trhu v eurách. 
610 2 0 |a makroekonomika 
610 2 0 |a Slovensko 
610 2 0 |a politika fiškálna 
610 2 0 |a výdavky 
610 2 0 |a dane 
610 2 0 |a rast hospodársky 
610 2 0 |a zamestnanosť 
610 2 0 |a stabilita cien 
610 2 0 |a politika rozpočtová 
610 2 0 |a definície 
610 2 0 |a financie verejné 
100 1 |a Hontyová, Kajetána